[Event "EU-ch U16"]
[Site "Prague"]
[Date "2012.08.25"]
[Round "9"]
[White "Jozefek, Michal"]
[Black "Pavelek, Tomas"]
[Result "1/2-1/2"]
[WhiteElo "2081"]
[BlackElo "1974"]
[PlyCount "74"]
[EventDate "2012.08.17"]
[EventType "swiss"]
[EventRounds "9"]
[EventCountry "CZE"]
[SourceTitle "CBM 150 Extra"]
[Source "ChessBase"]
[SourceDate "2012.10.19"]
[SourceVersion "1"]
[SourceVersionDate "2012.10.19"]
[SourceQuality "1"]

1. d4 f5 2. c4 e6 3. Nf3 Nf6 4. g3 Be7 5. Bg2 0-0 6. 0-0 c6 7. b3 d5 8. Ba3 Nbd7 9. Bxe7 Qxe7 10. Nbd2 b6 11. Qc2 Ba6 12. Rfe1 Ne4 13. Rac1 Rac8 14. Qb2 f4 15. e3 fxg3 16. fxg3 Ng5 17. e4 Nxf3+ 18. Nxf3 Qd6 19. cxd5 cxd5 20. e5 Qe7 21. Qd2 Nb8 22. Rxc8 Rxc8 23. Rc1 Rc6 24. Bh3 h6 25. Rxc6 Nxc6 26. Qc3 Nd8 27. Bf1 Bxf1 28. Kxf1 Qb7 29. Qb4 Qa6+ 30. Kf2 Qxa2+ 31. Ke3 Nf7 32. Qb5 Kh7 33. Qd3+ g6 34. Nh4 Nh8 35. Nf3 Nf7 36. Nh4 Nh8 37. Nf3 Nf7 1/2-1/2

[Event "EU-ch U16"]
[Site "Prague"]
[Date "2012.08.17"]
[Round "1"]
[White "Studer, Noel"]
[Black "Pavelek, Tomas"]
[Result "1-0"]
[WhiteElo "2273"]
[BlackElo "1974"]
[PlyCount "75"]
[EventDate "2012.08.17"]
[EventType "swiss"]
[EventRounds "9"]
[EventCountry "CZE"]
[SourceTitle "CBM 150 Extra"]
[Source "ChessBase"]
[SourceDate "2012.10.19"]
[SourceVersion "1"]
[SourceVersionDate "2012.10.19"]
[SourceQuality "1"]

1. e4 d6 2. d4 Nf6 3. Nc3 e5 4. Nf3 Nbd7 5. Bc4 Be7 6. 0-0 0-0 7. Re1 c6 8. a4 Qc7 9. h3 h6 10. Ba2 Re8 11. Nh4 Nf8 12. dxe5 dxe5 13. Nf5 Bxf5 14. exf5 Rad8 15. Qf3 Bb4 16. Qg3 Kh7 17. Qh4 Rd4 18. g4 Bxc3 19. bxc3 Rxa4 20. Bxh6 gxh6 21. Qxf6 Qe7 22. Qxf7+ Qxf7 23. Bxf7 Rxa1 24. Rxa1 Ra8 25. h4 Kg7 26. Bc4 Kf6 27. Rd1 a5 28. Rd6+ Ke7 29. Rxh6 a4 30. f6+ Kd6 31. g5 b5 32. Ba2 Nd7 33. g6 Nxf6 34. g7 Ke7 35. Rh8 Ra6 36. Rb8 Ng8 37. Rxg8 Kf6 38. h5 1-0

[Event "CZE-ch U16"]
[Site "Kouty nad Desnou"]
[Date "2012.03.15"]
[Round "7"]
[White "Bocek, Tadeas"]
[Black "Pavelek, Tomas"]
[Result "0-1"]
[WhiteElo "1833"]
[BlackElo "1978"]
[PlyCount "80"]
[EventDate "2012.03.10"]
[EventType "swiss"]
[EventRounds "9"]
[EventCountry "CZE"]
[SourceTitle "EXT 2013"]
[Source "ChessBase"]
[SourceDate "2012.11.22"]
[SourceVersion "1"]
[SourceVersionDate "2012.11.22"]
[SourceQuality "1"]

1. e4 d6 2. d4 Nf6 3. Nc3 g6 4. Nf3 Bg7 5. Be2 Nbd7 6. 0-0 e5 7. dxe5 dxe5 8. Bg5 0-0 9. Nd5 c6 10. Nxf6+ Bxf6 11. Bxf6 Qxf6 12. c4 Nc5 13. Qc2 a5 14. a3 a4 15. Rad1 b6 16. Rd2 Nb3 17. Rd3 Bg4 18. Nxe5 Qxe5 19. Bxg4 Qxe4 20. Bf3 Qf5 21. Qc3 Na5 22. Rfd1 Rae8 23. Qb4 c5 24. Qc3 Nb3 25. h3 Nd4 26. Rxd4 cxd4 27. Qxd4 Qa5 28. Bd5 Re1+ 29. Rxe1 Qxe1+ 30. Kh2 Qa5 31. Qd3 Qc5 32. Qf3 Qd4 33. Qe2 b5 34. f3 Kg7 35. Qe7 bxc4 36. Bc6 Qf4+ 37. Kh1 Qc1+ 38. Kh2 Qf4+ 39. Kh1 Rb8 40. Qe2 c3 0-1

[Event "CZE-ch U16"]
[Site "Kouty nad Desnou"]
[Date "2012.03.13"]
[Round "5"]
[White "Pavelek, Tomas"]
[Black "Fargac, Martin"]
[Result "1/2-1/2"]
[WhiteElo "1978"]
[BlackElo "2069"]
[PlyCount "75"]
[EventDate "2012.03.10"]
[EventType "swiss"]
[EventRounds "9"]
[EventCountry "CZE"]
[SourceTitle "EXT 2013"]
[Source "ChessBase"]
[SourceDate "2012.11.22"]
[SourceVersion "1"]
[SourceVersionDate "2012.11.22"]
[SourceQuality "1"]

1. e4 e5 2. Nf3 Nc6 3. Bb5 a6 4. Ba4 Nf6 5. d3 b5 6. Bb3 Be7 7. c3 0-0 8. Bg5 d6 9. Bxf6 Bxf6 10. Bd5 Bd7 11. h4 Rb8 12. Nbd2 Na5 13. a3 c6 14. Ba2 Qc8 15. Ng5 Bg4 16. f3 Be6 17. b4 Bxa2 18. Rxa2 Nb7 19. g3 a5 20. Nf1 axb4 21. axb4 c5 22. Ne3 Ra8 23. Rxa8 Qxa8 24. 0-0 cxb4 25. cxb4 Qa7 26. Qd2 Nd8 27. Kg2 Bxg5 28. hxg5 Ne6 29. Nd5 Rc8 30. Rc1 Rxc1 31. Qxc1 g6 32. Nf6+ Kg7 33. Ne8+ Kf8 34. Nxd6 Qa2+ 35. Kg1 Qe2 36. Qc8+ Ke7 37. Nxf7 Qxf3 38. Qd7+ 1/2-1/2

[Event "CZE-chT2F 1112"]
[Site "Czech Republic"]
[Date "2012.03.04"]
[Round "9.47"]
[White "Pavelek, Tomas"]
[Black "Fiala, Vlastimil"]
[Result "0-1"]
[WhiteElo "1978"]
[BlackElo "2025"]
[PlyCount "46"]
[EventDate "2011.10.09"]
[EventType "team-tourn"]
[EventRounds "11"]
[EventCountry "CZE"]
[SourceTitle "EXT 2013"]
[Source "ChessBase"]
[SourceDate "2012.11.22"]
[SourceVersion "1"]
[SourceVersionDate "2012.11.22"]
[SourceQuality "1"]
[WhiteTeam "Frydek Mistek II"]
[BlackTeam "Olomouc"]
[WhiteTeamCountry "CZE"]
[BlackTeamCountry "CZE"]

1. e4 c5 2. Nf3 Nf6 3. e5 Nd5 4. Nc3 e6 5. d4 Nc6 6. Nxd5 exd5 7. c3 d6 8. dxc5 dxe5 9. b4 a6 10. Be2 Be7 11. Bb2 Bf6 12. Qb3 Be6 13. 0-0-0 Qc7 14. g4 e4 15. Nd2 Qf4 16. c4 d4 17. f3 d3 18. Bxd3 exd3 19. Bxf6 Qxf6 20. Ne4 Qf4+ 21. Kb2 0-0 22. Rxd3 Ne5 23. Rc3 Nxf3 0-1

[Event "CZE-chTE U20 1112"]
[Site "Czech Republic"]
[Date "2011.10.16"]
[Round "3.2"]
[White "Navratil, Jiri2222"]
[Black "Pavelek, Tomas"]
[Result "1-0"]
[WhiteElo "2047"]
[BlackElo "1978"]
[PlyCount "59"]
[EventDate "2011.10.15"]
[EventType "team-tourn"]
[EventRounds "7"]
[EventCountry "CZE"]
[SourceTitle "EXT 2013"]
[Source "ChessBase"]
[SourceDate "2012.11.22"]
[SourceVersion "1"]
[SourceVersionDate "2012.11.22"]
[SourceQuality "1"]
[WhiteTeam "Brno Lokomotiva"]
[BlackTeam "BSS FM"]
[WhiteTeamCountry "CZE"]
[BlackTeamCountry "CZE"]

1. e4 e5 2. Nf3 Nc6 3. Bb5 Nd4 4. Nxd4 exd4 5. 0-0 Bc5 6. d3 c6 7. Bc4 d5 8. exd5 cxd5 9. Bb3 Ne7 10. Bg5 f6 11. Bf4 h5 12. c3 g5 13. Bd2 Bg4 14. Qe1 Qd7 15. cxd4 Bxd4 16. Bb4 Bxb2 17. Ba4 0-0-0 18. Bxd7+ Rxd7 19. Nc3 Bxa1 20. Qxa1 Nc6 21. Bc5 b6 22. Ba3 Nd4 23. Qb2 h4 24. Qb4 Ne2+ 25. Nxe2 Bxe2 26. Qc3+ Kb7 27. Rc1 Rhd8 28. Qc6+ Kb8 29. Re1 Bxd3 30. Re7 1-0

[Event "Stare Mesto op"]
[Site "Stare Mesto"]
[Date "2011.08.16"]
[Round "6"]
[White "Pavelek, Tomas"]
[Black "Mrazek, Lumir"]
[Result "0-1"]
[WhiteElo "2004"]
[BlackElo "2148"]
[PlyCount "94"]
[EventDate "2011.08.12"]
[EventType "swiss"]
[EventRounds "10"]
[EventCountry "CZE"]
[SourceTitle "CBM 143 Extra"]
[Source "ChessBase"]
[SourceDate "2011.08.29"]
[SourceVersion "1"]
[SourceVersionDate "2011.08.29"]
[SourceQuality "1"]

1. e4 e5 2. Nf3 Nc6 3. Bb5 a6 4. Ba4 Nf6 5. 0-0 Be7 6. Re1 b5 7. Bb3 0-0 8. h3 d6 9. c3 Na5 10. Bc2 c5 11. d3 Bb7 12. Nbd2 Qc7 13. Nf1 Rfe8 14. Ng3 d5 15. b3 Rad8 16. Qe2 d4 17. c4 g6 18. Nh2 Bc8 19. Ng4 Nxg4 20. hxg4 Be6 21. Bd2 Nc6 22. Kh2 Qd7 23. Bd1 Rb8 24. f4 f6 25. f5 Bf7 26. Bh6 g5 27. Rh1 Kh8 28. Kg1 Bd8 29. Qf3 Ba5 30. Nf1 Bg8 31. Qh3 Re7 32. Qh5 Rf7 33. Nh2 Bd2 34. Nf3 Be3+ 35. Kf1 bxc4 36. bxc4 Rb2 37. Be2 Qd8 38. g3 Nb4 39. Bxg5 Bxg5 40. Nxg5 fxg5 41. Rh2 Nc2 42. Rc1 Ne3+ 43. Kf2 Rfb7 44. Rch1 Rxa2 45. Kf3 Rab2 46. Qg6 R2b6 47. Qh5 a5 0-1

[Event "CZE-chT U20 final-A 1011"]
[Site "Czech Republic"]
[Date "2011.04.16"]
[Round "9.2"]
[White "Iwanow, Anna"]
[Black "Pavelek, Tomas"]
[Result "1/2-1/2"]
[WhiteElo "2112"]
[BlackElo "1971"]
[PlyCount "91"]
[EventDate "2010.10.02"]
[EventType "team-tourn"]
[EventRounds "11"]
[EventCountry "CZE"]
[SourceTitle "EXT 2012"]
[Source "ChessBase"]
[SourceDate "2011.11.24"]
[SourceVersion "1"]
[SourceVersionDate "2011.11.24"]
[SourceQuality "1"]
[WhiteTeam "Liberec (U20)"]
[BlackTeam "Frydek Mistek (U20)"]
[WhiteTeamCountry "CZE"]
[BlackTeamCountry "CZE"]

1. e4 e5 2. Nf3 Nc6 3. Bb5 Nd4 4. Bc4 c6 5. c3 Nxf3+ 6. Qxf3 Qf6 7. d4 exd4 8. cxd4 Bb4+ 9. Bd2 a5 10. Qe3 d6 11. a3 Bxd2+ 12. Nxd2 Ne7 13. 0-0 0-0 14. Rae1 b5 15. Bd3 Qe6 16. f4 f5 17. Qf3 Qf6 18. Qe3 Bd7 19. e5 dxe5 20. dxe5 Qh6 21. e6 Nd5 22. Qe5 Rae8 23. Bxf5 g6 24. Bg4 Nxf4 25. e7 Bxg4 26. exf8Q+ Rxf8 27. Ne4 Qg7 28. Qxg7+ Kxg7 29. h3 Be6 30. Nc5 Bd5 31. Re7+ Kh6 32. Nd3 g5 33. Nxf4 gxf4 34. Rf2 Kg6 35. Kf1 Rf6 36. Ke2 h6 37. Kd3 Rd6 38. Kc3 Rf6 39. Kd4 Kf5 40. Re5+ Kg6 41. Re1 Kg5 42. Ref1 Bc4 43. Re1 Bd5 44. Re5+ Kh4 45. Re1 Kg3 46. Ree2 1/2-1/2

[Event "CZE-chT U20 final-A 1011"]
[Site "Czech Republic"]
[Date "2011.04.16"]
[Round "10.2"]
[White "Pavelek, Tomas"]
[Black "Seidl, Stepan"]
[Result "0-1"]
[WhiteElo "1971"]
[BlackElo "2088"]
[PlyCount "134"]
[EventDate "2010.10.02"]
[EventType "team-tourn"]
[EventRounds "11"]
[EventCountry "CZE"]
[SourceTitle "EXT 2012"]
[Source "ChessBase"]
[SourceDate "2011.11.24"]
[SourceVersion "1"]
[SourceVersionDate "2011.11.24"]
[SourceQuality "1"]
[WhiteTeam "Frydek Mistek (U20)"]
[BlackTeam "Polabiny (U20)"]
[WhiteTeamCountry "CZE"]
[BlackTeamCountry "CZE"]

1. e4 g6 2. d4 Bg7 3. Nc3 d6 4. Be3 Nd7 5. f4 c5 6. Nf3 Ngf6 7. dxc5 Qa5 8. Bd3 Nxc5 9. 0-0 0-0 10. a3 Ng4 11. Bc1 Nxd3 12. cxd3 Bd7 13. h3 Nf6 14. Kh1 Rac8 15. Bd2 Qb6 16. Rb1 e6 17. Kh2 Bc6 18. b4 Bd7 19. Qb3 Rc7 20. b5 Rcc8 21. Na4 Qd8 22. Be3 b6 23. Qb4 Ne8 24. Rfc1 f6 25. Nd4 f5 26. Rxc8 Qxc8 27. Nc6 Bxc6 28. bxc6 Qd8 29. Rc1 fxe4 30. Qxe4 Nc7 31. Bd4 d5 32. Qe3 Bxd4 33. Qxd4 Qd6 34. Qe5 Qxa3 35. Ra1 Qe7 36. Nc3 a6 37. d4 Rf5 38. Qe3 Qd6 39. Ne2 Qxc6 40. g4 Rf7 41. Nc3 Qd6 42. Qe5 Qxe5 43. fxe5 Rf2+ 44. Kg3 Rd2 45. Na4 b5 46. Nc5 Rxd4 47. Nxa6 Ra4 48. Rxa4 bxa4 49. Nb4 Nb5 50. Kf4 a3 51. Ke3 Kf7 52. Kd3 Ke7 53. Kc2 Kd7 54. Kb3 Kc7 55. Nd3 Kc6 56. Nf4 Kd7 57. h4 Nd4+ 58. Kxa3 Nf3 59. h5 Nxe5 60. hxg6 Nxg6 61. Nh5 Ke7 62. g5 Kf7 63. Kb4 Ne7 64. Kc5 Kg6 65. Nf4+ Kf5 66. Nh3 Ng6 67. Kd6 Nf4 0-1

[Event "CZE-chT U20 final-A 1011"]
[Site "Czech Republic"]
[Date "2011.04.15"]
[Round "8.2"]
[White "Pavelek, Tomas"]
[Black "Cerny, Michal"]
[Result "1-0"]
[WhiteElo "1971"]
[BlackElo "1947"]
[PlyCount "51"]
[EventDate "2010.10.02"]
[EventType "team-tourn"]
[EventRounds "11"]
[EventCountry "CZE"]
[SourceTitle "EXT 2012"]
[Source "ChessBase"]
[SourceDate "2011.11.24"]
[SourceVersion "1"]
[SourceVersionDate "2011.11.24"]
[SourceQuality "1"]
[WhiteTeam "Frydek Mistek (U20)"]
[BlackTeam "Kladno (U20)"]
[WhiteTeamCountry "CZE"]
[BlackTeamCountry "CZE"]

1. e4 c5 2. Nf3 d6 3. d4 cxd4 4. Nxd4 Nf6 5. Nc3 a6 6. Bg5 e6 7. Be2 Be7 8. 0-0 b5 9. Bf3 Ra7 10. a4 b4 11. Na2 e5 12. Nf5 Bxf5 13. exf5 a5 14. c3 Nbd7 15. Bxf6 Nxf6 16. Bc6+ Nd7 17. cxb4 axb4 18. Nxb4 Qb6 19. Bxd7+ Rxd7 20. Nd5 Qb8 21. Qg4 g6 22. f6 Bf8 23. a5 h5 24. Qh3 Bh6 25. a6 0-0 26. Qxd7 1-0

[Event "CZE-ch U14"]
[Site "Kouty nad Desnou"]
[Date "2011.03.18"]
[Round "8"]
[White "Pavelek, Tomas"]
[Black "Miculka, David"]
[Result "1-0"]
[WhiteElo "1953"]
[BlackElo "1860"]
[PlyCount "81"]
[EventDate "2011.03.12"]
[EventType "swiss"]
[EventRounds "9"]
[EventCountry "CZE"]
[SourceTitle "EXT 2014"]
[Source "ChessBase"]
[SourceDate "2013.11.20"]
[SourceVersion "1"]
[SourceVersionDate "2013.11.20"]
[SourceQuality "1"]

1. e4 c6 2. d4 d5 3. e5 Bf5 4. Nf3 e6 5. Be2 c5 6. 0-0 Nc6 7. c4 cxd4 8. Nxd4 Nge7 9. Qa4 Qd7 10. Nb5 Nc8 11. cxd5 exd5 12. Be3 Be7 13. N1c3 0-0 14. Rad1 Be6 15. f4 a6 16. f5 axb5 17. fxe6 Qxe6 18. Qxb5 Ra5 19. Qb3 d4 20. Bc4 Qg6 21. Qxb7 Nxe5 22. Rxd4 Nxc4 23. Rxc4 Nd6 24. Qxe7 Nxc4 25. Bc5 Raa8 26. Qe2 Nd6 27. Rd1 Rfd8 28. Qe7 Qf6 29. Qxf6 gxf6 30. Rxd6 Rdc8 31. b4 Ra3 32. Rd3 Kg7 33. Rg3+ Kh6 34. Nd5 Rxg3 35. hxg3 Ra8 36. Nc3 Ra3 37. Bd4 Kg6 38. b5 Kf5 39. b6 Ra8 40. a4 Ke6 41. Kf2 1-0

[Event "CZE-chTE U20 1011"]
[Site "Czech Republic"]
[Date "2011.01.15"]
[Round "7.3"]
[White "Pavelek, Tomas"]
[Black "Bausano, Michael"]
[Result "1-0"]
[WhiteElo "1971"]
[BlackElo "1728"]
[PlyCount "83"]
[EventDate "2010.10.02"]
[EventType "team-tourn"]
[EventRounds "11"]
[EventCountry "CZE"]
[SourceTitle "EXT 2012"]
[Source "ChessBase"]
[SourceDate "2011.11.24"]
[SourceVersion "1"]
[SourceVersionDate "2011.11.24"]
[SourceQuality "1"]
[WhiteTeam "Frydek Mistek (U20)"]
[BlackTeam "Orlova (U20)"]
[WhiteTeamCountry "CZE"]
[BlackTeamCountry "CZE"]

1. e4 e5 2. Nf3 Nc6 3. Bb5 a6 4. Ba4 Nf6 5. 0-0 b5 6. Bb3 d6 7. c3 Bb7 8. d3 Na5 9. Bc2 c5 10. Nbd2 Be7 11. Re1 0-0 12. Nf1 Re8 13. Ng3 Bf8 14. Nf5 Bc8 15. Bg5 Bxf5 16. exf5 h6 17. Bh4 Be7 18. a4 b4 19. h3 Rb8 20. Qd2 bxc3 21. bxc3 Nd5 22. Bxe7 Qxe7 23. Rab1 Qd7 24. d4 Nc4 25. Qd3 Na3 26. Rxb8 Rxb8 27. dxe5 Nxc2 28. Qxc2 dxe5 29. Nxe5 Qd6 30. Qd1 Re8 31. c4 Rxe5 32. Rxe5 Qxe5 33. cxd5 Qxf5 34. d6 Qd7 35. Qd5 c4 36. Kf1 Qxa4 37. d7 Qa1+ 38. Ke2 Qb2+ 39. Ke1 Qa1+ 40. Ke2 Qb2+ 41. Qd2 Qe5+ 42. Kf1 1-0

[Event "CZE-chTE U20 1011"]
[Site "Czech Republic"]
[Date "2010.10.03"]
[Round "3.3"]
[White "Phamova, Xuan Mai"]
[Black "Pavelek, Tomas"]
[Result "0-1"]
[WhiteElo "1785"]
[BlackElo "1971"]
[PlyCount "116"]
[EventDate "2010.10.02"]
[EventType "team-tourn"]
[EventRounds "11"]
[EventCountry "CZE"]
[SourceTitle "EXT 2012"]
[Source "ChessBase"]
[SourceDate "2011.11.24"]
[SourceVersion "1"]
[SourceVersionDate "2011.11.24"]
[SourceQuality "1"]
[WhiteTeam "Borsice (U20)"]
[BlackTeam "Frydek Mistek (U20)"]
[WhiteTeamCountry "CZE"]
[BlackTeamCountry "CZE"]

1. e4 d6 2. d4 Nf6 3. Nc3 e5 4. dxe5 dxe5 5. Qxd8+ Kxd8 6. Bg5 Be6 7. 0-0-0+ Nbd7 8. Nf3 Bd6 9. Bb5 Kc8 10. h3 a6 11. Ba4 Nc5 12. Bxf6 gxf6 13. Bb3 Nxb3+ 14. axb3 Bc5 15. Rhf1 c6 16. Ne2 Kc7 17. Nh4 Rad8 18. f4 Be3+ 19. Kb1 Rxd1+ 20. Rxd1 Bf2 21. Nf3 Rg8 22. g4 h5 23. f5 hxg4 24. hxg4 Bc8 25. Rh1 Rxg4 26. Rh7 Rxe4 27. Rxf7+ Kb8 28. Nc3 Rf4 29. Nd2 Be1 30. Nc4 Bxc3 31. bxc3 Bxf5 32. Nd6 b5 33. Kb2 Be4 34. c4 Bf3 35. Kc3 bxc4 36. bxc4 c5 37. Kd3 a5 38. Nb5 Be4+ 39. Kd2 Bc6 40. Ke3 a4 41. Nc3 a3 42. Kd3 e4+ 43. Kd2 Rf2+ 44. Kc1 Rf3 45. Kd2 Rf2+ 46. Kc1 e3 47. Kb1 e2 48. Nxe2 Rxe2 49. Rxf6 Kb7 50. Rf4 Kb6 51. Ka2 Re3 52. Rf6 Rc3 53. Rf4 Rxc4 54. Rxc4 Bd5 55. Kxa3 Bxc4 56. Kb2 Kb5 57. Kc3 Be6 58. Kd3 Kb4 0-1

[Event "CZE-chTE U20 1011"]
[Site "Czech Republic"]
[Date "2010.10.02"]
[Round "2.3"]
[White "Pavelek, Tomas"]
[Black "Meduna, Eduard1111"]
[Result "1-0"]
[WhiteElo "1971"]
[BlackElo "1858"]
[PlyCount "53"]
[EventDate "2010.10.02"]
[EventType "team-tourn"]
[EventRounds "11"]
[EventCountry "CZE"]
[SourceTitle "EXT 2012"]
[Source "ChessBase"]
[SourceDate "2011.11.24"]
[SourceVersion "1"]
[SourceVersionDate "2011.11.24"]
[SourceQuality "1"]
[WhiteTeam "Frydek Mistek (U20)"]
[BlackTeam "Brno Lokomotiva (U20)"]
[WhiteTeamCountry "CZE"]
[BlackTeamCountry "CZE"]

1. e4 c5 2. Nf3 Nc6 3. d4 cxd4 4. Nxd4 g6 5. Be3 Bg7 6. Nc3 d6 7. Bc4 Nf6 8. f3 0-0 9. Qd2 Bd7 10. Bb3 Rc8 11. 0-0-0 Ne5 12. h4 Nc4 13. Bxc4 Rxc4 14. h5 b5 15. hxg6 fxg6 16. e5 b4 17. exf6 bxc3 18. Qd3 cxb2+ 19. Kb1 Rxd4 20. Qb3+ e6 21. Bxd4 Bxf6 22. Bxf6 Qxf6 23. Rxd6 Bc8 24. Qa4 Qe7 25. Qh4 Qc7 26. Rhd1 Rf5 27. Qd8+ 1-0

[Event "EU Union-ch U14 8th"]
[Site "Mureck"]
[Date "2010.08.10"]
[Round "7"]
[White "Skuhala, Barbara"]
[Black "Pavelek, Tomas"]
[Result "0-1"]
[WhiteElo "1574"]
[BlackElo "1971"]
[PlyCount "110"]
[EventDate "2010.08.04"]
[EventType "swiss"]
[EventRounds "9"]
[EventCountry "AUT"]
[SourceTitle "CBM 138 Extra"]
[Source "ChessBase"]
[SourceDate "2010.10.29"]
[SourceVersion "1"]
[SourceVersionDate "2010.10.29"]
[SourceQuality "1"]

1. e4 c5 2. Nf3 e6 3. d4 cxd4 4. Nxd4 a6 5. c4 Qc7 6. Be2 Nf6 7. Nc3 b6 8. Be3 Bb7 9. f3 Be7 10. Qd2 d6 11. 0-0 Nbd7 12. Rfd1 0-0 13. Rac1 Rac8 14. Bf1 Qb8 15. Qf2 Bd8 16. Kh1 Bc7 17. Qg1 Kh8 18. b4 Rg8 19. Na4 g5 20. c5 bxc5 21. bxc5 dxc5 22. Nxc5 Nxc5 23. Rxc5 Bf4 24. Rxc8 Rxc8 25. Rb1 Qa8 26. Qf2 e5 27. Bxf4 gxf4 28. Ne2 Rc7 29. Ng1 Nd7 30. Qd2 Qc8 31. Rd1 Nb6 32. Qd8+ Qxd8 33. Rxd8+ Kg7 34. Rb8 Bc8 35. h3 Nc4 36. Bxc4 Rxc4 37. Rb3 Rc2 38. a3 Be6 39. Rb6 Ra2 40. Rc6 Rxa3 41. Ne2 a5 42. Rc5 f6 43. Rc6 Ra1+ 44. Kh2 Bf7 45. Nc3 Rc1 46. Rc5 Bb3 47. Rc7+ Kg6 48. Rc5 Rc2 49. h4 a4 50. Nxa4 Bxa4 51. Ra5 Bb3 52. Rb5 Bc4 53. Rb1 Bd3 54. Rg1 Bc4 55. Kh1 Rf2 0-1

[Event "EU Union-ch U14 8th"]
[Site "Mureck"]
[Date "2010.08.04"]
[Round "1"]
[White "Hiebler, Laura"]
[Black "Pavelek, Tomas"]
[Result "0-1"]
[WhiteElo "1643"]
[BlackElo "1971"]
[PlyCount "60"]
[EventDate "2010.08.04"]
[EventType "swiss"]
[EventRounds "9"]
[EventCountry "AUT"]
[SourceTitle "CBM 138 Extra"]
[Source "ChessBase"]
[SourceDate "2010.10.29"]
[SourceVersion "1"]
[SourceVersionDate "2010.10.29"]
[SourceQuality "1"]

1. e4 d6 2. d4 Nf6 3. Nc3 e5 4. Nf3 Nbd7 5. Bg5 Be7 6. Qd2 0-0 7. 0-0-0 c6 8. Be2 b5 9. Bd3 Qa5 10. Kb1 b4 11. Ne2 c5 12. dxe5 Nxe5 13. Nxe5 dxe5 14. Bxf6 Be6 15. c4 Bxf6 16. Rdg1 Rad8 17. Qc2 Qa6 18. Nc1 Bg5 19. Rd1 Bxc1 20. Rxc1 Rd4 21. Rhd1 Rfd8 22. h3 h6 23. g4 Qc6 24. Qe2 a5 25. Bc2 Bxc4 26. Qe1 a4 27. Rxd4 Rxd4 28. f3 b3 29. axb3 axb3 30. Bd1 Qa4 0-1

[Event "CZE-chT U20 final-A 0910"]
[Site "Pavla Vlachovice"]
[Date "2010.04.24"]
[Round "10.4"]
[White "Ruzicka, Vaclav"]
[Black "Pavelek, Tomas"]
[Result "1-0"]
[WhiteElo "2181"]
[BlackElo "1960"]
[PlyCount "59"]
[EventDate "2010.04.23"]
[EventType "team-tourn"]
[EventRounds "11"]
[EventCountry "CZE"]
[SourceTitle "EXT 2011"]
[Source "ChessBase"]
[SourceDate "2010.11.26"]
[SourceVersion "1"]
[SourceVersionDate "2010.11.26"]
[SourceQuality "1"]
[WhiteTeam "Klatovy (U20)"]
[BlackTeam "Frydek Mistek (U20)"]
[WhiteTeamCountry "CZE"]
[BlackTeamCountry "CZE"]

1. c4 Nf6 2. Nc3 e6 3. e4 d6 4. d3 c5 5. g3 g6 6. Bg2 Bg7 7. Nge2 Nc6 8. h3 h5 9. Be3 e5 10. Qd2 Nd4 11. Bg5 Be6 12. Nxd4 cxd4 13. Nd5 Bxd5 14. exd5 Qb6 15. Bxf6 Bxf6 16. 0-0 0-0 17. f4 exf4 18. gxf4 Rae8 19. Be4 Kg7 20. Kh1 Rh8 21. Rg1 Kh6 22. f5+ g5 23. h4 Rhg8 24. Rg2 Qd8 25. Rag1 Rg7 26. Rh2 Be5 27. Rh3 Bf4 28. hxg5+ Qxg5 29. Rxg5 Bxd2 30. Rhxh5# 1-0

[Event "CZE-ch U14"]
[Site "Kouty nad Desnou"]
[Date "2010.03.11"]
[Round "7"]
[White "Kubik, Michael"]
[Black "Pavelek, Tomas"]
[Result "0-1"]
[WhiteElo "1703"]
[BlackElo "1970"]
[PlyCount "130"]
[EventDate "2010.03.06"]
[EventType "swiss"]
[EventRounds "9"]
[EventCountry "CZE"]
[SourceTitle "EXT 2012"]
[Source "ChessBase"]
[SourceDate "2011.11.24"]
[SourceVersion "1"]
[SourceVersionDate "2011.11.24"]
[SourceQuality "1"]

1. e4 d6 2. d4 Nf6 3. Nc3 e5 4. dxe5 dxe5 5. Qxd8+ Kxd8 6. Bc4 Be6 7. Bxe6 fxe6 8. Be3 Bd6 9. 0-0-0 Ke7 10. Nge2 Nbd7 11. f3 a6 12. g4 Raf8 13. Ng3 Bc5 14. Kd2 Rd8 15. Ke2 Bxe3 16. Kxe3 Nb6 17. b3 Rd6 18. Rd3 Rc6 19. Rc1 h5 20. g5 Nh7 21. h4 Nf8 22. Nge2 Ng6 23. Rh1 Rf8 24. a4 Nd7 25. Rd2 Rb8 26. Na2 Rd6 27. Rd3 b5 28. Rxd6 cxd6 29. Nb4 Rc8 30. axb5 axb5 31. Ra1 Nxh4 32. Rh1 Ng2+ 33. Kf2 Nf4 34. Nxf4 exf4 35. Rxh5 Ne5 36. Rh4 Nc6 37. Nd3 Nd4 38. c4 bxc4 39. bxc4 e5 40. c5 Ra8 41. cxd6+ Kxd6 42. Nxf4 Ra2+ 43. Ke3 Ra3+ 44. Nd3 Ne6 45. Ke2 Nd4+ 46. Ke3 Ne6 47. Ke2 Nxg5 48. Nxe5 Kxe5 49. f4+ Kxe4 50. fxg5+ Kf5 51. Kf2 Kxg5 52. Rb4 Ra5 53. Kg3 Ra3+ 54. Kg2 Re3 55. Rb5+ Kf4 56. Rb4+ Re4 57. Rxe4+ Kxe4 58. Kg3 Kf5 59. Kf3 Kg5 60. Kg3 g6 61. Kf3 Kh4 62. Kg2 Kg4 63. Kg1 Kg3 64. Kf1 g5 65. Kg1 g4 0-1

[Event "Wch U12"]
[Site "Kemer"]
[Date "2009.11.20"]
[Round "9"]
[White "Pavelek, Tomas"]
[Black "Popov, Andrey V"]
[Result "0-1"]
[WhiteElo "1962"]
[BlackElo "2054"]
[PlyCount "86"]
[EventDate "2009.11.12"]
[EventType "swiss"]
[EventRounds "11"]
[EventCountry "TUR"]
[SourceTitle "EXT 2010"]
[Source "ChessBase"]
[SourceDate "2010.11.25"]
[SourceVersion "1"]
[SourceVersionDate "2010.11.25"]
[SourceQuality "1"]

1. e4 e5 2. Nf3 Nc6 3. Bb5 a6 4. Ba4 Nf6 5. 0-0 Be7 6. Re1 b5 7. Bb3 d6 8. c3 0-0 9. h3 Bb7 10. d3 Na5 11. Bc2 c5 12. Nbd2 Re8 13. Nf1 Bf8 14. Ng3 g6 15. Nh2 Bg7 16. f4 Nd7 17. f5 d5 18. Ng4 Qh4 19. Kh2 Rad8 20. Qe2 c4 21. Be3 d4 22. Bd2 cxd3 23. Bxd3 Nc6 24. Rad1 Nc5 25. Bc1 dxc3 26. bxc3 Nxd3 27. Rxd3 Rxd3 28. Qxd3 Rd8 29. Qe2 Qe7 30. Ne3 Na5 31. Rd1 Qc7 32. Ba3 Bh6 33. Ng4 Bf4 34. Rd3 Nc4 35. Bb4 a5 36. Rxd8+ Qxd8 37. Bc5 h5 38. fxg6 fxg6 39. Ne3 h4 40. Nxc4 hxg3+ 41. Kh1 bxc4 42. Qxc4+ Kg7 43. Bg1 Qc8 0-1

[Event "Wch U12"]
[Site "Kemer"]
[Date "2009.11.15"]
[Round "4"]
[White "Tran, Tuan Minh"]
[Black "Pavelek, Tomas"]
[Result "1/2-1/2"]
[WhiteElo "2105"]
[BlackElo "1962"]
[PlyCount "78"]
[EventDate "2009.11.12"]
[EventType "swiss"]
[EventRounds "11"]
[EventCountry "TUR"]
[SourceTitle "EXT 2010"]
[Source "ChessBase"]
[SourceDate "2010.11.25"]
[SourceVersion "1"]
[SourceVersionDate "2010.11.25"]
[SourceQuality "1"]

1. d4 Nf6 2. Bg5 Ne4 3. Bf4 e6 4. e3 d5 5. f3 Nd6 6. Nd2 Nd7 7. c4 c5 8. cxd5 exd5 9. dxc5 Nxc5 10. Nb3 Nxb3 11. axb3 Be6 12. Bd3 Be7 13. Ne2 Bf6 14. Qd2 0-0 15. 0-0 Qd7 16. Rfd1 Rfd8 17. Ra4 a6 18. Nd4 Rac8 19. h4 Nc4 20. Qf2 Ne5 21. Bxe5 Bxe5 22. f4 Bxd4 23. Rxd4 Bg4 24. Rd2 Qe7 25. f5 h5 26. Be2 Rc1+ 27. Kh2 Qe5+ 28. Qf4 Re8 29. Bxg4 hxg4 30. Rxd5 Qxe3 31. Qxe3 Rxe3 32. Rd8+ Kh7 33. Rf8 g3+ 34. Kh3 Rh1+ 35. Kg4 Re4+ 36. Kxg3 Rhxh4 37. Rxf7 Rhg4+ 38. Kh2 Rb4 39. Rdd7 Rxb3 1/2-1/2